Paths to Russia : from war to peace /

Bibliographic Details
Main Author: Christians, F. Wilhelm
Format: Book
Language:English
Published: New York : Toronto : New York : Macmillan ; Collier Macmillan Canada ; Maxwell Macmillan International, [1990]
Edition:[English translation ed.].
Subjects:

MARC

Tag First Indicator Second Indicator Subfields
LEADER 00000cam a2200000 a 4500
001 in00000977513
005 20150927111747.0
008 900628s1990 nyu 00010 eng
010 |a  90042165  
020 |a 0025252410 :  |c $24.95 ($32.95 Can.) 
035 |a (OCoLC)22118499 
035 |9 AEW2332AM 
040 |a DLC  |c DLC  |d TXA  |d UtOrBLW 
043 |a e-gw---  |a e-ur--- 
049 |a TXAM 
050 0 0 |a HF1546.15.S65  |b C47 1990 
082 0 0 |a 337.43047  |2 20 
100 1 |a Christians, F. Wilhelm. 
245 1 0 |a Paths to Russia :  |b from war to peace /  |c by F. Wilhelm Christians ; foreword by Helmut Schmidt ; translation from the German by Joachim Neugroschel. 
250 |a [English translation ed.]. 
264 1 |a New York :  |b Macmillan ;  |a Toronto :  |b Collier Macmillan Canada ;  |a New York :  |b Maxwell Macmillan International,  |c [1990] 
264 4 |c ©1990 
300 |a xv, 236 pages ;  |c 25 cm. 
336 |a text  |b txt  |2 rdacontent 
337 |a unmediated  |b n  |2 rdamedia 
338 |a volume  |b nc  |2 rdacarrier 
651 0 |a Germany (West)  |x Foreign economic relations  |z Soviet Union. 
651 0 |a Soviet Union  |x Foreign economic relations  |z Germany (West) 
600 1 0 |a Christians, F. Wilhelm  |x Travel  |z Soviet Union. 
651 0 |a Soviet Union  |x Description and travel. 
999 |a MARS 
999 f f |s 7aa63bee-7dfb-327b-9a66-a55c71756dae  |i f2d9393f-f783-3178-946f-b3ac043e2768  |t 0 
952 f f |p ric  |a Texas A&M University  |b Rellis Campus  |c Joint Library Facility  |d Remote Storage  |t 0  |e HF1546.15 .S65 C47 1990  |h Library of Congress classification  |i unmediated -- volume  |m A14811154665 
998 f f |a HF1546.15 .S65 C47 1990  |t 0  |l Remote Storage